000 00580nam a2200229Ia 4500
003 OSt
005 20220930192119.0
006 a|||||r|||| 00| 0
007 ta
008 220926b |||||||| |||| 00| 0 eng d
024 _a9772
037 _cDissertations
040 _aCRL
_cCRL
_beng
041 _2eng
_aeng
100 _aDharma S.
_9560892
110 _aUniversity of Delhi
245 0 _aUrinary bladder in descensus uteri a cystometric study
260 _c1963
700 _aUniversity of Delhi
942 _cDIS
_2CC
999 _c894779
_d894779